000 00974nam a2200229 a 4500
001 80777
003 BD-RjUL
005 20221115130431.0
008 221115s2020 bg ||||| |||| 00| 0 eng d
020 _a9789843480842
035 _a(BD-RjUL)80777
040 _aBD-RjUL
_beng
_cBD-RjUL
041 _aben
082 _223
_a954.9205092
_bBAC 2020
245 _aবঙ্গবন্ধুর ৬ দফা :
_bবাঙালির মুক্তির সনদ /
_cমুন্শী শাহাবুদ্দীন আহমেদ সম্পাদিত
260 _aঢাকা :
_bন্যাশনাল পাবলিকেশন,
_c২০২০
300 _a২৮৭ পৃ.;
_c২২ সেমি.
600 _aমুজিবুর রহমান, শেখ,
_d১৯২০-১৯৭৫
600 _aMujibur Rahman, Sheikh,
_d1920-1975
700 _aআহমেদ, মুন্শী শাহাবুদ্দীন
_95788
942 _2ddc
_cBK
999 _c80777
_d80777